000 01428nam a2200301 a 4500
001 64682
003 BD-RjUL
005 20211209081332.0
008 170219s1986 nyub b 001 0 eng
020 _a0940450348 (alk. paper) :
_c$27.50
020 _z0940450356 (v. 2 : alk. paper) :
_c$27.50
035 _a(BD-RjUL)64812
040 _aDLC
_cDLC
_dBD-RjUL
_beng
041 _aeng
082 0 0 _a973.46
_223
_bADH 1986
100 1 _aAdams, Henry,
_d1838-1918.
_9191778
245 1 0 _aHistory of the United States of America during the administrations of Thomas Jefferson /
_cHenry Adams.
260 _aNew York, N.Y. :
_bLiterary Classics of the United States :
_bDistributed by Viking Press,
_cc1986.
300 _a1308 p. :
_bill. ;
_c21 cm.
500 _a"Earl N. Harbert wrote the notes and selected the texts for this volume"--Prel. p.
500 _aTitle on spine: History of the United States, 1801-09.
504 _aIncludes bibliographical references and index.
505 0 _aContains the first two parts of History of the United States of America during the first administration of Thomas Jefferson, and History of the United States of America during the second administration of Thomas Jefferson.
651 0 _aUnited States
_xPolitics and government
_y1801-1809.
_9191779
651 0 _aUnited States
_xPolitics and government
_y1809-1817.
_9185265
700 1 _aHarbert, Earl N.,
_d1934-
_9191780
942 _2ddc
_cBK
999 _c64682
_d64682